Effect of the spacing on rubber root-stock growth (Record no. 45749)

MARC details
000 -LEADER
fixed length control field 00439nam a2200169Ia 4500
100 ## - MAIN ENTRY--AUTHOR NAME
Personal name Pereira AV
245 #0 - TITLE STATEMENT
Title Effect of the spacing on rubber root-stock growth
260 ## - PUBLICATION, DISTRIBUTION, ETC. (IMPRINT)
Name of publisher Pesquisa Agropecuaria Braileira
Year of publication 1983
300 ## - PHYSICAL DESCRIPTION
Number of Pages 121-127
650 ## - SUBJECT ADDED ENTRY--TOPICAL TERM
Topical Term Brown-budding
650 ## - SUBJECT ADDED ENTRY--TOPICAL TERM
Topical Term Budded-stump
650 ## - SUBJECT ADDED ENTRY--TOPICAL TERM
Topical Term Green-budding
650 ## - SUBJECT ADDED ENTRY--TOPICAL TERM
Topical Term Nursery
650 ## - SUBJECT ADDED ENTRY--TOPICAL TERM
Topical Term Rubber tree
942 ## - ADDED ENTRY ELEMENTS (KOHA)
Koha item type Reprints
Holdings
Withdrawn status Lost status Damaged status Not for loan Home library Current library Date acquired Serial Enumeration / chronology Accession Number Koha item type
      Reprints RRII Library RRII Library 22/12/2021 Volume 18, Issue 2 131 Reprints